Obstructed access to forest justice: the implementation of institutional reform(FRA-2006) in Andra Pradesh forested landscapes (Record no. 504022)

000 -LEADER
fixed length control field 00475cam a22001217a 4500
008 - FIXED-LENGTH DATA ELEMENTS--GENERAL INFORMATION
fixed length control field 180718b2010 xxu||||| |||| 00| 0 eng d
082 ## - DEWEY DECIMAL CLASSIFICATION NUMBER
Classification number Y4x5451 R246o
100 ## - MAIN ENTRY--PERSONAL NAME
Personal name Reddy, M. Gopinath.
245 ## - TITLE STATEMENT
Title Obstructed access to forest justice: the implementation of institutional reform(FRA-2006) in Andra Pradesh forested landscapes
Statement of responsibility, etc. by M. Gopinath Reddy...[et. al].
260 ## - PUBLICATION, DISTRIBUTION, ETC.
Place of publication, distribution, etc. Hyderabad
Name of publisher, distributor, etc. Centre for economic and social studies
Date of publication, distribution, etc. 2010
300 ## - PHYSICAL DESCRIPTION
Extent 99p.
500 ## - GENERAL NOTE
General note Monograph 13
Holdings
Withdrawn status Lost status Source of classification or shelving scheme Damaged status Not for loan Permanent Location Current Location Date acquired Full call number Barcode Date last seen Price effective from Koha item type
          Indian Institute of Public Administration Indian Institute of Public Administration 2018-08-04 Y4x5451 R246o/13 GR20449 2018-08-04 2018-08-04 GR

Powered by Koha